AH International Schools' Libraries

Rochelle the star spotter fairy / (Record no. 47865)

MARC details
000 -LEADER
fixed length control field 00369nam a2200133 4500
020 ## - INTERNATIONAL STANDARD BOOK NUMBER
International Standard Book Number 9781408315941
100 ## - MAIN ENTRY--PERSONAL NAME
Personal name Meadows, Daisy
9 (RLIN) 40969
245 ## - TITLE STATEMENT
Title Rochelle the star spotter fairy /
Statement of responsibility, etc Daisy Meadows
260 ## - PUBLICATION, DISTRIBUTION, ETC. (IMPRINT)
Place of publication, distribution, etc London
Name of publisher, distributor, etc Orchard Books
Date of publication, distribution, etc 2012
300 ## - PHYSICAL DESCRIPTION
Extent 73 p.
Other physical details ill.
Dimensions 20 cm.
490 ## - SERIES STATEMENT
Series statement Rainbow Magic: 118
650 ## - SUBJECT ADDED ENTRY--TOPICAL TERM
Topical term or geographic name as entry element Juvenile Fiction
9 (RLIN) 46924
942 ## - ADDED ENTRY ELEMENTS (KOHA)
Source of classification or shelving scheme
Koha item type Book
Holdings
Withdrawn status Lost status Source of classification or shelving scheme Damaged status Not for loan Home library Current library Shelving location Date acquired Total Checkouts Full call number Barcode Date last seen Date checked out Price effective from Koha item type
          Asian Hope Primary Library Asian Hope Primary Library Junior Fiction 11/18/2024 11 J FIC MEA 207017 04/08/2026 04/01/2026 11/18/2024 Book

For any Logos Library related questions please contact Miss Art at swongnarasuk@asianhope.org.

For any Asian Hope Library related questions please contact Miss Raza at graza@asianhope.org.

Click here to explore our ebooks!

Powered by Koha